| 000 | 00403nam a22001337a 4500 | ||
|---|---|---|---|
| 020 | _a0-13-709527-9 | ||
| 082 | _a658.4034 WAG'P | ||
| 100 |
_aWAGNER, HARREY.M _965091 |
||
| 245 | _aPRINCIPLES OF OPERATIONS RESEARCH , WITH APPLICATIONS TO MANAGERIAL DECISION | ||
| 260 |
_aNEW JERSEY _bPRENTICE HALL _c1975 |
||
| 300 | _a1039P | ||
| 650 |
_aOPERATIONS RESEARCH MANAGEMENT SCIENCES _965092 |
||
| 942 | _cBK | ||
| 999 |
_c573406 _d573406 |
||